[Event "Titled Tuesday intern op 10th May Early"]
[Site "Chess.com INT"]
[Date "2022.05.10"]
[Round "2"]
[White "Maevsky, Nikolay"]
[Black "Paiva, Henrique MA Alberg"]
[Result "1-0"]
[WhiteElo "2337"]
[BlackElo "2077"]
[PlyCount "139"]
[EventDate "2022.05.10"]
[EventType "swiss (blitz)"]
[EventRounds "11"]
[EventCountry "USA"]
[SourceTitle "CBM 208 Extra"]
[Source "ChessBase"]
[SourceDate "2022.07.31"]
[SourceVersion "1"]
[SourceVersionDate "2022.07.31"]
[SourceQuality "1"]

1. d4 d5 2. Nf3 c6 3. e3 Nf6 4. Nbd2 Bg4 5. h3 Bxf3 6. Nxf3 e6 7. c4 Bd6 8. Bd3 0-0 9. 0-0 Nbd7 10. b3 e5 11. dxe5 Nxe5 12. Nxe5 Bxe5 13. Rb1 dxc4 14. Bxc4 Qe7 15. Bb2 Rad8 16. Qc2 Bxb2 17. Qxb2 Ne4 18. Rbd1 Rxd1 19. Rxd1 Rd8 20. Rd4 h6 21. b4 Nf6 22. a3 Rxd4 23. Qxd4 a5 24. Bd3 axb4 25. axb4 Nd5 26. b5 Qa3 27. bxc6 bxc6 28. Kh2 Qd6+ 29. g3 c5 30. Qe4 Nf6 31. Qa8+ Qf8 32. Qc6 Qe7 33. Qc8+ Qf8 34. Qc7 Ne8 35. Qc6 Qe7 36. Bc4 Nf6 37. Qc8+ Kh7 38. Qc6 g6 39. Qc8 Kg7 40. Qc6 Nd7 41. Qd5 Ne5 42. Be2 Qf6 43. f4 Nc6 44. Qxc5 Ne7 45. Qd4 Nf5 46. Qxf6+ Kxf6 47. e4 Nd4 48. e5+ Kf5 49. Bd3+ Ke6 50. Be4 g5 51. Kg2 f5 52. Bb1 Ke7 53. Kf2 g4 54. hxg4 fxg4 55. f5 Nc6 56. e6 Kf6 57. Ke3 Ne7 58. Kf4 h5 59. Be4 Ng8 60. Bc6 Ne7 61. Be8 Nxf5 62. Bxh5 Ne7 63. Bxg4 Kg6 64. Ke5 Kg7 65. Kd6 Ng6 66. e7 Nxe7 67. Kxe7 Kg6 68. Bf3 Kg5 69. g4 Kf4 70. Kf6 1-0

[Event "Titled Tuesday intern op 10th May Early"]
[Site "Chess.com INT"]
[Date "2022.05.10"]
[Round "1"]
[White "Ovezdurdiyeva, Jemal"]
[Black "Maevsky, Nikolay"]
[Result "1-0"]
[WhiteElo "2061"]
[BlackElo "2337"]
[PlyCount "139"]
[EventDate "2022.05.10"]
[EventType "swiss (blitz)"]
[EventRounds "11"]
[EventCountry "USA"]
[SourceTitle "CBM 208 Extra"]
[Source "ChessBase"]
[SourceDate "2022.07.31"]
[SourceVersion "1"]
[SourceVersionDate "2022.07.31"]
[SourceQuality "1"]

1. e4 c5 2. Nf3 Nf6 3. e5 Nd5 4. d4 cxd4 5. c3 e6 6. cxd4 d6 7. Nc3 Nxc3 8. bxc3 Nc6 9. Bf4 Be7 10. Bd3 dxe5 11. Nxe5 Nxe5 12. Bxe5 0-0 13. Qc2 g6 14. 0-0 Bf6 15. f4 Bd7 16. Be4 Bc6 17. Rab1 Be7 18. Qd3 f6 19. Bxc6 bxc6 20. Qc4 Qd7 21. f5 fxe5 22. fxe6 Qd5 23. Qxd5 cxd5 24. Rb7 Rxf1+ 25. Kxf1 Kf8 26. dxe5 Rc8 27. Rxa7 Rxc3 28. Ra8+ Kg7 29. Ra7 Kf8 30. Ra8+ Bd8 31. Rxd8+ Ke7 32. Rxd5 Kxe6 33. Ra5 Rc2 34. a3 h5 35. Ra6+ Kxe5 36. Rxg6 Ra2 37. Rg5+ Kf4 38. Rxh5 Rxa3 39. Rh4+ Kg5 40. Re4 Ra2 41. Re2 Ra3 42. Kf2 Kg4 43. Re4+ Kf5 44. Re2 Kg4 45. Rc2 Kf5 46. h3 Kf4 47. Rc4+ Kf5 48. Rd4 Kg5 49. Kg1 Kf5 50. Kh2 Kg5 51. h4+ Kh5 52. g3 Rb3 53. Kh3 Rb5 54. Rd8 Rb3 55. Rg8 Kh6 56. Rg5 Rc3 57. Rd5 Rb3 58. h5 Rc3 59. Kh4 Rc6 60. g4 Rc4 61. Rd6+ Kg7 62. h6+ Kh7 63. Kh5 Rc1 64. Rd7+ Kh8 65. g5 Rc6 66. Rf7 Rc8 67. Kg6 Rg8+ 68. Kf6 Re8 69. g6 Rg8 70. Rh7# 1-0

[Event "Titled Tuesday intern op 10th May Early"]
[Site "Chess.com INT"]
[Date "2022.05.10"]
[Round "9"]
[White "Rodchenkov, Sergey D"]
[Black "Maevsky, Nikolay"]
[Result "1-0"]
[WhiteElo "2346"]
[BlackElo "2337"]
[PlyCount "125"]
[EventDate "2022.05.10"]
[EventType "swiss (blitz)"]
[EventRounds "11"]
[EventCountry "USA"]
[SourceTitle "CBM 208 Extra"]
[Source "ChessBase"]
[SourceDate "2022.07.31"]
[SourceVersion "1"]
[SourceVersionDate "2022.07.31"]
[SourceQuality "1"]

1. e4 c5 2. Nf3 Nf6 3. Nc3 Nc6 4. d4 d5 5. exd5 Nxd5 6. Bc4 Nxc3 7. bxc3 e6 8. 0-0 Be7 9. a4 0-0 10. Ba3 cxd4 11. cxd4 b6 12. Bxe7 Qxe7 13. Bd3 Bb7 14. h4 h6 15. c3 Rfd8 16. Bc2 Ba6 17. Re1 Rac8 18. Bb1 Qf6 19. Qc2 g6 20. h5 Nxd4 21. Nxd4 Rxd4 22. hxg6 fxg6 23. cxd4 Rxc2 24. Bxc2 Bc4 25. Rad1 Bd5 26. Be4 Qg5 27. Bxd5 Qxd5 28. Re5 Qc6 29. Rde1 Kf7 30. a5 bxa5 31. Rxa5 Qb6 32. Rae5 a5 33. Ra1 Qxd4 34. Rexa5 Kf6 35. R5a4 Qd5 36. R4a3 g5 37. Rf3+ Kg6 38. Re1 h5 39. Rfe3 Kf6 40. Rf3+ Kg6 41. Rfe3 Kf6 42. g3 h4 43. gxh4 gxh4 44. Re4 Kg5 45. Re5+ Kf4 46. Rxd5 exd5 47. Rd1 Ke4 48. Kh2 Kf3 49. Rxd5 Kxf2 50. Kh3 Kf3 51. Rh5 Ke4 52. Rxh4+ Kf3 53. Rg4 Ke3 54. Kg3 Ke2 55. Rf4 Kd3 56. Kf3 Kd2 57. Re4 Kc3 58. Ke3 Kb3 59. Kd3 Ka3 60. Kc3 Ka2 61. Rb4 Ka1 62. Kc2 Ka2 63. Ra4# 1-0

[Event "Titled Tuesday intern op 19th Apr Late"]
[Site "Chess.com INT"]
[Date "2022.04.19"]
[Round "4"]
[White "Sliwicki, Damian"]
[Black "Maevsky, Nikolay"]
[Result "1/2-1/2"]
[WhiteElo "2168"]
[BlackElo "2337"]
[PlyCount "129"]
[EventDate "2022.04.19"]
[EventType "swiss (blitz)"]
[EventRounds "11"]
[EventCountry "USA"]
[SourceTitle "EXT 2023"]
[Source "ChessBase"]
[SourceDate "2022.10.05"]
[SourceVersion "1"]
[SourceVersionDate "2022.10.05"]
[SourceQuality "1"]

1. e4 g6 2. d4 Bg7 3. Nc3 d6 4. Be3 a6 5. Nf3 b5 6. h4 h5 7. d5 c5 8. dxc6 Nxc6 9. Nd5 Rb8 10. c3 Nf6 11. Nxf6+ Bxf6 12. Be2 0-0 13. Ng5 Ne5 14. Bxh5 Bxg5 15. hxg5 Nc4 16. Bg4 Nxe3 17. fxe3 e6 18. Qf3 Qxg5 19. 0-0-0 Kg7 20. Rdf1 Bb7 21. Kb1 f5 22. Qh3 Rh8 23. Qg3 Bxe4+ 24. Ka1 Qxg4 25. Qxd6 Rxh1 26. Qe7+ Kg8 27. Rxh1 Qh5 28. Rxh5 gxh5 29. Qxe6+ Kh7 30. Qf7+ Kh8 31. Qf6+ Kh7 32. a3 Rg8 33. Qf7+ Rg7 34. Qxh5+ Kg8 35. Qe8+ Kh7 36. Qh5+ Kg8 37. g3 Rg4 38. Qe8+ Kg7 39. Qe7+ Kg8 40. Qd8+ Kg7 41. Qc7+ Kh6 42. a4 bxa4 43. Ka2 Kh5 44. Qh7+ Kg5 45. Qg7+ Kh5 46. Qf7+ Kg5 47. Qe7+ Kh5 48. Qe5 Bc2 49. Ka3 Kg5 50. Qg7+ Kh5 51. Qh7+ Kg5 52. Qg7+ Kh5 53. Qf7+ Kg5 54. Qg8+ Kh5 55. Qe8+ Kg5 56. Qe7+ Kh5 57. Qe6 Kg5 58. Qd6 Kh5 59. Qd2 Bb3 60. Qh2+ Kg5 61. Qf2 Kg6 62. Qf3 Kg5 63. Qf2 Re4 64. Qh2 Rg4 65. Qf2 1/2-1/2

[Event "Titled Tuesday intern op 12th Apr Early"]
[Site "Chess.com INT"]
[Date "2022.04.12"]
[Round "10"]
[White "Maevsky, Nikolay"]
[Black "Omariev, Maksim"]
[Result "1-0"]
[WhiteElo "2337"]
[BlackElo "2304"]
[PlyCount "91"]
[EventDate "2022.04.12"]
[EventType "swiss (blitz)"]
[EventRounds "11"]
[EventCountry "USA"]
[SourceTitle "CBM 207 Extra"]
[Source "ChessBase"]
[SourceDate "2022.05.31"]
[SourceVersion "1"]
[SourceVersionDate "2022.05.31"]
[SourceQuality "1"]

1. d4 h5 2. e4 h4 3. h3 c6 4. c4 d6 5. Nc3 e5 6. Nf3 Nd7 7. Be2 Be7 8. Be3 Bf6 9. d5 c5 10. a3 Ne7 11. Qd2 Ng6 12. b4 Nf4 13. Bxf4 exf4 14. Rc1 g5 15. Nb5 Qb6 16. 0-0 a6 17. bxc5 Nxc5 18. Nbd4 Nxe4 19. Qc2 Nc5 20. Rb1 Qa5 21. Nf5 Qc7 22. N3d4 0-0 23. Rfe1 Bxf5 24. Nxf5 Rfe8 25. Bh5 Rxe1+ 26. Rxe1 Rf8 27. Nh6+ Kg7 28. Nf5+ Kh8 29. Bd1 Be5 30. Qe2 f6 31. Bc2 Qf7 32. Qg4 b5 33. Nh6 f5 34. Qxg5 Qf6 35. Qh5 Kg7 36. Nxf5+ Kg8 37. Qg4+ Kf7 38. Qh5+ Kg8 39. Nxh4 Qg7 40. Nf5 Qf6 41. Qg4+ Kf7 42. Qh5+ Kg8 43. Bb1 bxc4 44. Nh6+ Kg7 45. Ng4 Qe7 46. Qh7# 1-0

[Event "Titled Tuesday intern op 05th Apr Early"]
[Site "Chess.com INT"]
[Date "2022.04.05"]
[Round "7"]
[White "Silva, Kaua Marques"]
[Black "Maevsky, Nikolay"]
[Result "0-1"]
[WhiteElo "2126"]
[BlackElo "2337"]
[PlyCount "190"]
[EventDate "2022.04.05"]
[EventType "swiss (blitz)"]
[EventRounds "11"]
[EventCountry "USA"]
[SourceTitle "CBM 207 Extra"]
[Source "ChessBase"]
[SourceDate "2022.05.31"]
[SourceVersion "1"]
[SourceVersionDate "2022.05.31"]
[SourceQuality "1"]

1. e4 c6 2. d4 d5 3. e5 Bf5 4. Be2 e6 5. Nf3 Ne7 6. 0-0 Nd7 7. a4 Bg6 8. a5 a6 9. Bd2 c5 10. c4 dxc4 11. Na3 Nc6 12. Nxc4 cxd4 13. Re1 Be7 14. Nd6+ Bxd6 15. exd6 0-0 16. Bc4 e5 17. Bg5 Qb8 18. Be7 Re8 19. Qa4 Nc5 20. Qa3 Ne4 21. Bd5 Nxe7 22. dxe7 Nf6 23. Rxe5 Qc7 24. Rae1 Rac8 25. h3 d3 26. Bb3 Qd7 27. Ba4 Rc6 28. R5e3 d2 29. Rd1 Rc1 30. Bxd7 Rxd1+ 31. Kh2 Rh1+ 32. Kxh1 d1Q+ 33. Re1 Qxd7 34. Kh2 Be4 35. Ne5 Qxe7 36. Qxe7 Rxe7 37. Nc4 Kf8 38. Nb6 Bc6 39. Rd1 Ke8 40. f3 Nd7 41. Nc4 Kd8 42. Nd6 Kc7 43. b4 f6 44. Kg3 g6 45. Kf2 Ne5 46. Rd2 f5 47. f4 Nf7 48. Nc4 Bb5 49. Nb6 Bc6 50. Rc2 Nd8 51. Nd5+ Kd6 52. Nxe7 Kxe7 53. Re2+ Ne6 54. g4 fxg4 55. hxg4 Kf6 56. Kg3 Nd4 57. Rd2 Ne6 58. Rd6 h5 59. gxh5 gxh5 60. Rd1 Kf5 61. Rf1 Be4 62. Rf2 Nd4 63. Kh4 Bd5 64. Rb2 Ke4 65. Kxh5 Kxf4 66. Kg6 Ke5 67. Kg7 Bc6 68. Kf7 Kd5 69. Ke7 Kc4 70. Kd6 Kc3 71. Rb1 Nb3 72. Kc7 Kxb4 73. Kb6 Ka4 74. Rb2 Ka3 75. Rh2 Nd4 76. Rh3+ Kb4 77. Rh4 Kc4 78. Rg4 Kd5 79. Rh4 Ne6 80. Rh5+ Kd6 81. Rh1 Nf4 82. Rd1+ Nd5+ 83. Ka7 Kc5 84. Rb1 Nb4 85. Ra1 Kb5 86. Kb8 Bd5 87. Ra3 Bc6 88. Kc7 Nd5+ 89. Kd6 Kb4 90. Ra1 Nc3 91. Ke5 Na4 92. Kd4 Kxa5 93. Kc4 b5+ 94. Kb3 Bd5+ 95. Ka3 b4# 0-1